Can Chi thông luận
Tallennettuna:
| Päätekijä: | |
|---|---|
| Aineistotyyppi: | Kirja |
| Julkaistu: |
Văn hoá thông tin
1998
|
| Tagit: |
Lisää tagi
Ei tageja, Lisää ensimmäinen tagi!
|
| Thư viện lưu trữ: | Mạng thư viện Đại học Đà Nẵng |
|---|
| LEADER | 00545nam a2200217 a 4500 | ||
|---|---|---|---|
| 001 | 000029064 | ||
| 003 | 6038 | ||
| 005 | 20171030145630.0 | ||
| 008 | 171030s1998 | ||
| 040 | |a LTT | ||
| 082 | 0 | |a 306.09 |b NG-H | |
| 100 | 1 | |a Nguyễn Ngọc Hải | |
| 245 | 0 | 0 | |a Can Chi thông luận |c Nguyễn Ngọc Hải biên soạn. |
| 260 | |b Văn hoá thông tin |c 1998 | ||
| OWN | |a LTT | ||
| 999 | |a From the UDN01 | ||
| TYP | |a Monograph | ||
| TYP | |a Printed language | ||
| 980 | |a Mạng thư viện Đại học Đà Nẵng | ||